| 000 | 00419pab a2200145 454500 | ||
|---|---|---|---|
| 008 | 180718b1989 xxu||||| |||| 00| 0 eng d | ||
| 100 | _aRoy Burman, B.K. | ||
| 245 | _aProblems and prospects of tribal development in North - East India | ||
| 260 | _c1989 | ||
| 300 | _a693-7 | ||
| 362 | _a1 Apr. | ||
| 650 | _aTribes and Tribal System - India - North East | ||
| 773 | _aEconomic and Political Weekly | ||
| 909 | _a19691 | ||
| 999 |
_c19691 _d19691 |
||